000 00416nam a2200157Ia 4500
003 Ost
005 20260225132546.0
008 260225s9999||||xx |||||||||||||| ||und||
040 _cfsic
041 _afre
082 _a440
100 _aIsmail Serage-Edin
_eAuteur
245 0 _aMan power and international labor migration in the midldle east and north Africa /
245 0 _cIsmail Serage-Edin
942 _cكتاب
999 _c33846
_d33846